The 2nd little book of mathematical principles equations & theories / (Record no. 85095)

MARC details
000 -LEADER
fixed length control field 00571nam a22001817a 4500
005 - DATE AND TIME OF LATEST TRANSACTION
control field 20140618162025.0
010 ## - LCCN (DPL NO)
LC control number ENG-110243
020 ## - INTERNATIONAL STANDARD BOOK NUMBER
International Standard Book Number 9788122205633
Terms of availability 295.00
035 ## - SYSTEM CONTROL NUMBER
System control number EN-93775
037 ## - SOURCE OF ACQUISITION
Source of stock number/acquisition DBAD/PUB
082 ## - DEWEY DECIMAL CLASSIFICATION NUMBER
Classification number 510
100 ## - MAIN ENTRY--PERSONAL NAME
Personal name Soloman, Robert
245 ## - TITLE STATEMENT
Title The 2nd little book of mathematical principles equations & theories /
Statement of responsibility, etc by Robert Soloman
260 ## - PUBLICATION, DISTRIBUTION, ETC. (IMPRINT)
Place of publication, distribution, etc New Delhi
Name of publisher, distributor, etc Orient Publishing
Date of publication, distribution, etc 2014
270 ## - ADDRESS
Address 5A/8 Ansari Road, Darya Ganj
City New Delhi
Postal code 110002
300 ## - PHYSICAL DESCRIPTION
Extent 214p. :
Dimensions 22cm(pbk)
Other physical details ill
942 ## - ADDED ENTRY ELEMENTS (KOHA)
Source of classification or shelving scheme Dewey Decimal Classification
Item type English Books
Call number suffix SOL
Classification part 510
Holdings
Withdrawn status Lost status Not for loan Collection code Home library Current library Date acquired Source of acquisition Cost, normal purchase price Full call number Barcode Copy number Cost, replacement price Koha item type
    Not For Loan Non-fiction D.B.Act.Division D.B.Act.Division 12/06/2014 ENG-110243 295.00 510 SOL EN-93775 1 295.00 English Books

© Delhi Public Library
Hit Counter
free hit counter